00567cam a2200181 a 4500020001700000041000800017082001600025100002200041245003000063260007900093300002600172650001900198650002500217650002400242942000700266952009500273999001700368 a0334024889 : aENG00a238.11bYOU1 aYoung, Frances M.14aThe making of the creeds  aLondon :bSCM Press ;aPhiladelphia :bTrinity Press International,c1991. axii, 115 p. :bill. ; 0aRule of faith. 0aTheology, Doctrinal. 0aTheology, Doctrinal cBK 00104070aHMIbHMIcGENd2018-10-31l0o238.11 YOUp11003824r2026-01-16w2026-01-16yBK c22454d22454